[Event "ODJM A 2023"]
[Site "Willingen GER"]
[Date "2023.05.30"]
[Round "4"]
[White "Schulz, Jannis"]
[Black "Möller, Tom"]
[Result "1-0"]
[Termination "normal"]
[Board "22"]
[WhiteElo "1802"]
[BlackElo "1417"]
[WhiteClock "00:36:57"]
[BlackClock "00:10:03"]
[PlyCount "57"]
[WhiteFideId "16224710"]
[BlackFideId "16287215"]
[EventCountry "GER"]
[EventRounds "9"]
[EventType "swiss"]
[EventDate "2023.05.27"]

1. d4 {[%clk 01:30:33]} {[%emt 00:00:27]} d5 {[%clk 01:30:56]} {[%emt
00:00:04]} 2. Nf3 {[%clk 01:30:53]} {[%emt 00:00:09]} Bf5 {[%clk 01:30:10]}
{[%emt 00:01:16]} 3. g3 {[%clk 01:27:56]} {[%emt 00:03:28]} e6 {[%clk
01:28:42]} {[%emt 00:01:57]} 4. Bg2 {[%clk 01:28:15]} {[%emt 00:00:12]} c5
{[%clk 01:25:25]} {[%emt 00:03:48]} 5. c3 {[%clk 01:26:14]} {[%emt 00:02:30]}
Nc6 {[%clk 01:20:35]} {[%emt 00:05:19]} 6. O-O {[%clk 01:25:44]} {[%emt
00:01:00]} Nf6 {[%clk 01:18:01]} {[%emt 00:03:04]} 7. Nbd2 {[%clk 01:22:05]}
{[%emt 00:04:09]} Bd6 {[%clk 01:13:19]} {[%emt 00:05:12]} 8. Re1 {[%clk
01:20:57]} {[%emt 00:01:39]} O-O {[%clk 01:10:17]} {[%emt 00:03:32]} 9. Nf1
{[%clk 01:18:58]} {[%emt 00:02:29]} h6 {[%clk 01:03:51]} {[%emt 00:06:56]} 10.
dxc5 {[%clk 01:17:05]} {[%emt 00:02:24]} Bxc5 {[%clk 01:03:19]} {[%emt
00:01:01]} 11. Be3 {[%clk 01:17:06]} {[%emt 00:00:29]} Bxe3 {[%clk 01:01:00]}
{[%emt 00:02:49]} 12. Nxe3 {[%clk 01:17:25]} {[%emt 00:00:11]} Bh7 {[%clk
01:01:27]} {[%emt 00:00:03]} 13. Qb3 {[%clk 01:13:28]} {[%emt 00:04:26]} Qc7
{[%clk 00:57:05]} {[%emt 00:04:53]} 14. Rac1 {[%clk 01:11:13]} {[%emt
00:02:44]} Rac8 {[%clk 00:54:54]} {[%emt 00:02:42]} 15. Nc2 {[%clk 01:06:28]}
{[%emt 00:05:15]} e5 {[%clk 00:50:48]} {[%emt 00:04:36]} 16. Nb4 {[%clk
01:05:09]} {[%emt 00:01:49]} Na5 {[%clk 00:37:37]} {[%emt 00:13:41]} 17. Qa4
{[%clk 01:01:35]} {[%emt 00:04:03]} Nc4 {[%clk 00:37:22]} {[%emt 00:00:46]} 18.
b3 {[%clk 00:57:15]} {[%emt 00:04:50]} Nb6 {[%clk 00:36:18]} {[%emt 00:01:34]}
19. Qa5 {[%clk 00:57:29]} {[%emt 00:00:16]} Rfe8 {[%clk 00:34:30]} {[%emt
00:02:17]} 20. Nd2 {[%clk 00:52:53]} {[%emt 00:05:06]} Re7 {[%clk 00:24:53]}
{[%emt 00:10:08]} 21. Bh3 {[%clk 00:51:05]} {[%emt 00:02:17]} Rd8 {[%clk
00:24:26]} {[%emt 00:00:58]} 22. Red1 {[%clk 00:47:58]} {[%emt 00:03:36]} Qb8
{[%clk 00:17:24]} {[%emt 00:07:33]} 23. c4 {[%clk 00:45:20]} {[%emt 00:03:08]}
d4 {[%clk 00:16:08]} {[%emt 00:01:46]} 24. Nf3 {[%clk 00:42:57]} {[%emt
00:02:52]} Ne4 {[%clk 00:15:01]} {[%emt 00:01:38]} 25. c5 {[%clk 00:41:22]}
{[%emt 00:02:05]} Nd5 {[%clk 00:14:03]} {[%emt 00:01:27]} 26. c6 {[%clk
00:39:28]} {[%emt 00:02:25]} b6 {[%clk 00:12:14]} {[%emt 00:02:19]} 27. Nxd5
{[%clk 00:36:28]} {[%emt 00:03:30]} Rxd5 {[%clk 00:10:21]} {[%emt 00:02:24]}
28. Qxd5 {[%clk 00:36:52]} {[%emt 00:00:05]} Nc3 {[%clk 00:10:03]} {[%emt
00:00:48]} 29. Rxc3 {[%clk 00:36:57]} {[%emt 00:00:25]} 1-0

[Event "ODJM A 2023"]
[Site "Willingen GER"]
[Date "2023.05.30"]
[Round "4"]
[White "Kieselbach, Jannik"]
[Black "Held, Momme Fredrik"]
[Result "0-1"]
[Termination "normal"]
[Board "23"]
[WhiteElo "1765"]
[BlackElo "1914"]
[WhiteClock "00:02:28"]
[BlackClock "00:58:17"]
[PlyCount "40"]
[WhiteFideId "16246403"]
[BlackFideId "16237692"]
[EventCountry "GER"]
[EventRounds "9"]
[EventType "swiss"]
[EventDate "2023.05.27"]

1. e4 {[%clk 01:30:57]} {[%emt 00:00:02]} c5 {[%clk 01:30:56]} {[%emt
00:00:05]} 2. c3 {[%clk 01:31:22]} {[%emt 00:00:06]} g6 {[%clk 01:31:20]}
{[%emt 00:00:06]} 3. d4 {[%clk 01:31:44]} {[%emt 00:00:07]} cxd4 {[%clk
01:31:44]} {[%emt 00:00:07]} 4. cxd4 {[%clk 01:32:02]} {[%emt 00:00:12]} d5
{[%clk 01:32:07]} {[%emt 00:00:06]} 5. e5 {[%clk 01:31:27]} {[%emt 00:01:05]}
a6 {[%clk 01:31:52]} {[%emt 00:00:45]} 6. f4 {[%clk 01:29:58]} {[%emt
00:01:59]} Nc6 {[%clk 01:29:49]} {[%emt 00:02:33]} 7. Nf3 {[%clk 01:27:27]}
{[%emt 00:03:01]} Bg4 {[%clk 01:29:03]} {[%emt 00:01:17]} 8. Be3 {[%clk
01:02:55]} {[%emt 00:25:02]} Bxf3 {[%clk 01:27:59]} {[%emt 00:01:34]} 9. gxf3
{[%clk 00:44:08]} {[%emt 00:19:17]} e6 {[%clk 01:26:37]} {[%emt 00:01:52]} 10.
Qb3 {[%clk 00:41:23]} {[%emt 00:03:15]} Qh4+ {[%clk 01:19:53]} {[%emt
00:07:14]} 11. Bf2 {[%clk 00:36:17]} {[%emt 00:05:35]} Qxf4 {[%clk 01:19:51]}
{[%emt 00:00:32]} 12. Nd2 {[%clk 00:31:40]} {[%emt 00:05:07]} Bh6 {[%clk
01:14:22]} {[%emt 00:06:00]} 13. Rd1 {[%clk 00:31:08]} {[%emt 00:01:01]} Nge7
{[%clk 01:13:04]} {[%emt 00:01:48]} 14. Be2 {[%clk 00:27:59]} {[%emt 00:03:39]}
Nxd4 {[%clk 01:02:54]} {[%emt 00:10:41]} 15. Qxb7 {[%clk 00:18:58]} {[%emt
00:09:29]} Rc8 {[%clk 01:02:36]} {[%emt 00:00:49]} 16. Qxa6 {[%clk 00:09:35]}
{[%emt 00:09:53]} O-O {[%clk 01:00:01]} {[%emt 00:03:05]} 17. Bg3 {[%clk
00:06:15]} {[%emt 00:03:51]} Nc2+ {[%clk 00:58:32]} {[%emt 00:01:59]} 18. Kf1
{[%clk 00:05:18]} {[%emt 00:01:26]} Ne3+ {[%clk 00:58:42]} {[%emt 00:00:20]}
19. Ke1 {[%clk 00:03:17]} {[%emt 00:02:31]} Qb4 {[%clk 00:58:37]} {[%emt
00:00:35]} 20. Kf2 {[%clk 00:02:28]} {[%emt 00:01:19]} Nxd1+ {[%clk 00:58:17]}
{[%emt 00:00:50]} 0-1

[Event "ODJM A 2023"]
[Site "Willingen GER"]
[Date "2023.05.30"]
[Round "4"]
[White "Albayrak, Berrak"]
[Black "Vollbehr, Bjarne"]
[Result "0-1"]
[Termination "normal"]
[Board "24"]
[WhiteElo "1664"]
[BlackElo "1867"]
[WhiteClock "00:01:39"]
[BlackClock "01:18:20"]
[PlyCount "140"]
[WhiteFideId "16241657"]
[BlackFideId "34606025"]
[EventCountry "GER"]
[EventRounds "9"]
[EventType "swiss"]
[EventDate "2023.05.27"]

1. Nf3 {[%clk 01:30:57]} {[%emt 00:00:03]} g6 {[%clk 01:29:45]} {[%emt
00:01:14]} 2. g3 {[%clk 01:31:17]} {[%emt 00:00:10]} Bg7 {[%clk 01:30:06]}
{[%emt 00:00:08]} 3. Bg2 {[%clk 01:31:41]} {[%emt 00:00:06]} e5 {[%clk
01:29:52]} {[%emt 00:00:44]} 4. d3 {[%clk 01:27:07]} {[%emt 00:05:05]} Nc6
{[%clk 01:27:46]} {[%emt 00:02:37]} 5. Nbd2 {[%clk 01:16:19]} {[%emt 00:11:18]}
f5 {[%clk 01:24:23]} {[%emt 00:03:52]} 6. O-O {[%clk 01:05:28]} {[%emt
00:11:21]} Nf6 {[%clk 01:24:35]} {[%emt 00:00:18]} 7. e4 {[%clk 01:00:21]}
{[%emt 00:05:37]} fxe4 {[%clk 01:23:14]} {[%emt 00:01:50]} 8. Nxe4 {[%clk
00:54:19]} {[%emt 00:06:32]} O-O {[%clk 01:21:15]} {[%emt 00:02:30]} 9. Bg5
{[%clk 00:50:04]} {[%emt 00:04:45]} d6 {[%clk 01:19:55]} {[%emt 00:01:49]} 10.
Qd2 {[%clk 00:48:32]} {[%emt 00:02:03]} Bg4 {[%clk 01:17:01]} {[%emt 00:03:23]}
11. h3 {[%clk 00:44:12]} {[%emt 00:04:51]} Bf5 {[%clk 01:16:24]} {[%emt
00:01:06]} 12. Nh2 {[%clk 00:42:12]} {[%emt 00:02:30]} Qd7 {[%clk 01:13:01]}
{[%emt 00:03:54]} 13. Nxf6+ {[%clk 00:37:18]} {[%emt 00:05:25]} Bxf6 {[%clk
01:13:21]} {[%emt 00:00:10]} 14. Bxf6 {[%clk 00:33:30]} {[%emt 00:04:17]} Rxf6
{[%clk 01:13:40]} {[%emt 00:00:10]} 15. Qg5 {[%clk 00:32:33]} {[%emt 00:01:28]}
Raf8 {[%clk 01:13:02]} {[%emt 00:01:07]} 16. Ng4 {[%clk 00:31:23]} {[%emt
00:01:41]} Bxg4 {[%clk 01:12:38]} {[%emt 00:00:54]} 17. Qxg4 {[%clk 00:26:40]}
{[%emt 00:05:13]} Qxg4 {[%clk 01:11:32]} {[%emt 00:01:36]} 18. hxg4 {[%clk
00:24:21]} {[%emt 00:02:49]} Nd8 {[%clk 01:11:45]} {[%emt 00:00:17]} 19. Rae1
{[%clk 00:23:20]} {[%emt 00:01:31]} c6 {[%clk 01:11:30]} {[%emt 00:00:45]} 20.
Re4 {[%clk 00:21:45]} {[%emt 00:02:05]} Ne6 {[%clk 01:11:04]} {[%emt 00:00:56]}
21. c3 {[%clk 00:17:41]} {[%emt 00:04:35]} Nc5 {[%clk 01:08:39]} {[%emt
00:02:54]} 22. Re3 {[%clk 00:17:38]} {[%emt 00:00:33]} d5 {[%clk 01:04:21]}
{[%emt 00:04:49]} 23. Rxe5 {[%clk 00:13:09]} {[%emt 00:04:58]} Nxd3 {[%clk
01:04:29]} {[%emt 00:00:21]} 24. Re2 {[%clk 00:10:14]} {[%emt 00:03:25]} g5
{[%clk 01:04:19]} {[%emt 00:00:40]} 25. Rd2 {[%clk 00:09:01]} {[%emt 00:01:44]}
Ne5 {[%clk 01:04:12]} {[%emt 00:00:36]} 26. Rd4 {[%clk 00:08:55]} {[%emt
00:00:36]} Re8 {[%clk 01:01:39]} {[%emt 00:03:03]} 27. b3 {[%clk 00:06:35]}
{[%emt 00:02:51]} Nf3+ {[%clk 01:00:43]} {[%emt 00:01:26]} 28. Bxf3 {[%clk
00:06:52]} {[%emt 00:00:13]} Rxf3 {[%clk 01:01:07]} {[%emt 00:00:06]} 29. c4
{[%clk 00:06:00]} {[%emt 00:01:23]} dxc4 {[%clk 01:01:28]} {[%emt 00:00:09]}
30. Rxc4 {[%clk 00:04:34]} {[%emt 00:01:56]} Re2 {[%clk 01:01:28]} {[%emt
00:00:29]} 31. Ra4 {[%clk 00:03:34]} {[%emt 00:01:30]} a6 {[%clk 01:01:45]}
{[%emt 00:00:14]} 32. Rb4 {[%clk 00:02:20]} {[%emt 00:01:43]} b5 {[%clk
01:01:31]} {[%emt 00:00:43]} 33. Rd4 {[%clk 00:00:53]} {[%emt 00:01:58]} Rxa2
{[%clk 01:01:23]} {[%emt 00:00:38]} 34. b4 {[%clk 00:00:46]} {[%emt 00:00:38]}
Rb2 {[%clk 01:00:36]} {[%emt 00:01:16]} 35. Rd6 {[%clk 00:00:41]} {[%emt
00:00:35]} Rxb4 {[%clk 01:00:46]} {[%emt 00:00:20]} 36. Rxc6 {[%clk 00:01:04]}
{[%emt 00:00:07]} Ra4 {[%clk 01:01:03]} {[%emt 00:00:13]} 37. Rd1 {[%clk
00:01:02]} {[%emt 00:00:32]} Ra2 {[%clk 01:00:14]} {[%emt 00:01:19]} 38. Rd5
{[%clk 00:00:43]} {[%emt 00:00:48]} Raxf2 {[%clk 00:59:14]} {[%emt 00:01:30]}
39. Rxg5+ {[%clk 00:00:47]} {[%emt 00:00:27]} Kf7 {[%clk 00:57:12]} {[%emt
00:02:32]} 40. Rf5+ {[%clk 00:00:36]} {[%emt 00:00:41]} Rxf5 {[%clk 00:57:21]}
{[%emt 00:00:20]} 41. gxf5 {[%clk 00:01:02]} {[%emt 00:00:05]} Ra2 {[%clk
00:56:23]} {[%emt 00:01:28]} 42. g4 {[%clk 00:22:08]} {[%emt 00:09:24]} Ra4
{[%clk 01:20:29]} {[%emt 00:06:23]} 43. Rc7+ {[%clk 00:10:45]} {[%emt
00:11:54]} Kf6 {[%clk 01:20:10]} {[%emt 00:00:48]} 44. Rxh7 {[%clk 00:06:39]}
{[%emt 00:04:37]} Rxg4+ {[%clk 01:20:18]} {[%emt 00:00:21]} 45. Kf2 {[%clk
00:07:01]} {[%emt 00:00:09]} Kxf5 {[%clk 01:20:04]} {[%emt 00:00:43]} 46. Ra7
{[%clk 00:05:58]} {[%emt 00:01:34]} Rg6 {[%clk 01:20:03]} {[%emt 00:00:30]} 47.
Ke3 {[%clk 00:06:16]} {[%emt 00:00:13]} Rd6 {[%clk 01:20:15]} {[%emt 00:00:17]}
48. Rb7 {[%clk 00:05:24]} {[%emt 00:01:23]} Ke5 {[%clk 01:20:21]} {[%emt
00:00:23]} 49. Rb8 {[%clk 00:04:58]} {[%emt 00:00:57]} Kd5 {[%clk 01:19:53]}
{[%emt 00:00:57]} 50. Kd3 {[%clk 00:05:10]} {[%emt 00:00:18]} Kc5+ {[%clk
01:20:12]} {[%emt 00:00:12]} 51. Kc3 {[%clk 00:05:31]} {[%emt 00:00:09]} Rh6
{[%clk 01:20:20]} {[%emt 00:00:21]} 52. Rc8+ {[%clk 00:04:50]} {[%emt
00:01:11]} Kb6 {[%clk 01:20:33]} {[%emt 00:00:17]} 53. Rg8 {[%clk 00:03:36]}
{[%emt 00:01:44]} Rh3+ {[%clk 01:20:47]} {[%emt 00:00:16]} 54. Kb2 {[%clk
00:03:58]} {[%emt 00:00:09]} Ka5 {[%clk 01:20:44]} {[%emt 00:00:33]} 55. Rg5
{[%clk 00:03:59]} {[%emt 00:00:29]} Ka4 {[%clk 01:20:52]} {[%emt 00:00:22]} 56.
Rg2 {[%clk 00:02:59]} {[%emt 00:01:30]} b4 {[%clk 01:19:05]} {[%emt 00:02:17]}
57. Rf2 {[%clk 00:03:03]} {[%emt 00:00:26]} Rc3 {[%clk 01:19:08]} {[%emt
00:00:25]} 58. Rf5 {[%clk 00:02:24]} {[%emt 00:01:11]} Rg3 {[%clk 01:18:36]}
{[%emt 00:01:02]} 59. Rf2 {[%clk 00:02:35]} {[%emt 00:00:18]} Rg5 {[%clk
01:18:39]} {[%emt 00:00:28]} 60. Rh2 {[%clk 00:02:32]} {[%emt 00:00:33]} Rc5
{[%clk 01:18:59]} {[%emt 00:00:09]} 61. Rh3 {[%clk 00:02:35]} {[%emt 00:00:28]}
a5 {[%clk 01:17:33]} {[%emt 00:01:56]} 62. Rh8 {[%clk 00:01:45]} {[%emt
00:01:21]} Re5 {[%clk 01:17:41]} {[%emt 00:00:20]} 63. Rh2 {[%clk 00:01:50]}
{[%emt 00:00:25]} Re4 {[%clk 01:17:52]} {[%emt 00:00:19]} 64. Rg2 {[%clk
00:01:57]} {[%emt 00:00:24]} b3 {[%clk 01:17:48]} {[%emt 00:00:34]} 65. Rd2
{[%clk 00:01:33]} {[%emt 00:00:54]} Kb4 {[%clk 01:18:01]} {[%emt 00:00:17]} 66.
Rf2 {[%clk 00:01:35]} {[%emt 00:00:27]} a4 {[%clk 01:18:23]} {[%emt 00:00:09]}
67. Rf1 {[%clk 00:01:13]} {[%emt 00:00:52]} a3+ {[%clk 01:18:00]} {[%emt
00:00:53]} 68. Ka1 {[%clk 00:01:31]} {[%emt 00:00:12]} a2 {[%clk 01:17:38]}
{[%emt 00:00:52]} 69. Kb2 {[%clk 00:01:23]} {[%emt 00:00:38]} Re2+ {[%clk
01:18:01]} {[%emt 00:00:07]} 70. Ka1 {[%clk 00:01:39]} {[%emt 00:00:15]} Ka3
{[%clk 01:18:20]} {[%emt 00:00:08]} *

[Event "ODJM A 2023"]
[Site "Willingen GER"]
[Date "2023.05.30"]
[Round "4"]
[White "Uhlmann, Tim"]
[Black "Loheide, Michel"]
[Result "1-0"]
[Termination "normal"]
[Board "25"]
[WhiteElo "1859"]
[BlackElo "1876"]
[WhiteClock "00:46:15"]
[BlackClock "00:28:09"]
[PlyCount "101"]
[WhiteFideId "16239210"]
[BlackFideId "34633570"]
[EventCountry "GER"]
[EventRounds "9"]
[EventType "swiss"]
[EventDate "2023.05.27"]

1. c4 {[%clk 01:30:54]} {[%emt 00:00:05]} e5 {[%clk 01:30:21]} {[%emt
00:00:39]} 2. Nc3 {[%clk 01:31:18]} {[%emt 00:00:06]} Nf6 {[%clk 01:30:45]}
{[%emt 00:00:06]} 3. Nf3 {[%clk 01:31:30]} {[%emt 00:00:18]} d6 {[%clk
01:30:43]} {[%emt 00:00:32]} 4. d4 {[%clk 01:31:39]} {[%emt 00:00:21]} Nbd7
{[%clk 01:27:33]} {[%emt 00:03:38]} 5. e4 {[%clk 01:31:15]} {[%emt 00:00:55]}
Be7 {[%clk 01:18:28]} {[%emt 00:09:35]} 6. Be2 {[%clk 01:30:45]} {[%emt
00:01:01]} O-O {[%clk 01:11:38]} {[%emt 00:07:20]} 7. O-O {[%clk 01:30:39]}
{[%emt 00:00:35]} c6 {[%clk 01:03:44]} {[%emt 00:08:24]} 8. Qc2 {[%clk
01:23:25]} {[%emt 00:07:44]} exd4 {[%clk 00:53:37]} {[%emt 00:10:38]} 9. Nxd4
{[%clk 01:22:15]} {[%emt 00:01:40]} d5 {[%clk 00:51:12]} {[%emt 00:02:55]} 10.
exd5 {[%clk 01:15:05]} {[%emt 00:07:40]} cxd5 {[%clk 00:51:34]} {[%emt
00:00:08]} 11. cxd5 {[%clk 01:14:33]} {[%emt 00:01:02]} Nb6 {[%clk 00:51:26]}
{[%emt 00:00:38]} 12. Rd1 {[%clk 01:10:49]} {[%emt 00:04:14]} Nfxd5 {[%clk
00:40:07]} {[%emt 00:11:49]} 13. Nf5 {[%clk 01:07:46]} {[%emt 00:03:32]} Bf6
{[%clk 00:27:51]} {[%emt 00:12:47]} 14. Nxd5 {[%clk 01:01:57]} {[%emt
00:06:19]} Nxd5 {[%clk 00:28:15]} {[%emt 00:00:06]} 15. Bc4 {[%clk 00:53:16]}
{[%emt 00:09:10]} Bxf5 {[%clk 00:21:03]} {[%emt 00:07:43]} 16. Qxf5 {[%clk
00:52:26]} {[%emt 00:01:20]} Ne7 {[%clk 00:21:17]} {[%emt 00:00:16]} 17. Bxf7+
{[%clk 00:52:39]} {[%emt 00:00:16]} Kxf7 {[%clk 00:17:44]} {[%emt 00:04:03]}
18. Qh5+ {[%clk 00:52:35]} {[%emt 00:00:34]} Kg8 {[%clk 00:14:45]} {[%emt
00:03:29]} 19. Rxd8 {[%emt 00:00:39]} Rfxd8 {[%clk 00:15:03]} {[%emt 00:00:02]}
20. g3 {[%clk 00:50:36]} {[%emt 00:02:30]} Rd5 {[%clk 00:13:36]} {[%emt
00:01:57]} 21. Qf3 {[%clk 00:48:25]} {[%emt 00:02:41]} Rad8 {[%clk 00:13:09]}
{[%emt 00:00:57]} 22. Qb3 {[%clk 00:47:21]} {[%emt 00:01:34]} b6 {[%clk
00:12:03]} {[%emt 00:01:37]} 23. Be3 {[%clk 00:45:52]} {[%emt 00:01:59]} Kh8
{[%clk 00:11:14]} {[%emt 00:01:19]} 24. Rc1 {[%clk 00:44:29]} {[%emt 00:01:52]}
Be5 {[%clk 00:10:26]} {[%emt 00:01:18]} 25. Qa3 {[%clk 00:42:58]} {[%emt
00:01:58]} R5d7 {[%clk 00:07:25]} {[%emt 00:03:34]} 26. Bg5 {[%clk 00:40:53]}
{[%emt 00:02:35]} Bd6 {[%clk 00:07:11]} {[%emt 00:00:44]} 27. Qf3 {[%clk
00:36:54]} {[%emt 00:04:28]} h6 {[%clk 00:06:48]} {[%emt 00:00:54]} 28. Be3
{[%clk 00:36:21]} {[%emt 00:01:02]} Be5 {[%clk 00:05:59]} {[%emt 00:01:20]} 29.
b3 {[%clk 00:36:27]} {[%emt 00:00:24]} Nd5 {[%clk 00:04:47]} {[%emt 00:01:41]}
30. Bd2 {[%clk 00:35:10]} {[%emt 00:01:47]} Bd4 {[%clk 00:04:28]} {[%emt
00:00:50]} 31. Kg2 {[%clk 00:33:30]} {[%emt 00:02:10]} Kg8 {[%clk 00:03:45]}
{[%emt 00:01:13]} 32. Qe2 {[%clk 00:32:27]} {[%emt 00:01:28]} Rf7 {[%clk
00:01:53]} {[%emt 00:02:27]} 33. Rf1 {[%clk 00:31:27]} {[%emt 00:01:30]} Kf8
{[%clk 00:01:04]} {[%emt 00:01:19]} 34. Qe4 {[%clk 00:30:20]} {[%emt 00:01:35]}
Bc5 {[%clk 00:00:52]} {[%emt 00:00:44]} 35. b4 {[%clk 00:30:05]} {[%emt
00:00:45]} Be7 {[%clk 00:01:01]} {[%emt 00:00:21]} 36. a3 {[%clk 00:29:30]}
{[%emt 00:01:05]} Nf6 {[%clk 00:00:52]} {[%emt 00:00:40]} 37. Qc2 {[%clk
00:29:45]} {[%emt 00:00:11]} Ng4 {[%clk 00:00:34]} {[%emt 00:00:52]} 38. h3
{[%clk 00:29:38]} {[%emt 00:00:37]} Ne5 {[%clk 00:00:56]} {[%emt 00:00:08]} 39.
Be3 {[%clk 00:27:11]} {[%emt 00:02:55]} Kg8 {[%clk 00:01:01]} {[%emt 00:00:26]}
40. Rd1 {[%clk 00:24:11]} {[%emt 00:03:30]} Nd7 {[%clk 00:00:39]} {[%emt
00:00:54]} 41. Qc7 {[%clk 00:23:13]} {[%emt 00:01:27]} Bf6 {[%clk 00:00:35]}
{[%emt 00:00:34]} 42. Qxa7 {[%clk 00:23:03]} {[%emt 00:00:40]} Kh7 {[%clk
00:00:46]} {[%emt 00:00:19]} 43. Qb7 {[%clk 00:21:56]} {[%emt 00:01:34]} g6
{[%clk 00:29:12]} {[%emt 00:02:07]} 44. Bxb6 {[%clk 00:46:12]} {[%emt
00:06:15]} Ne5 {[%clk 00:27:50]} {[%emt 00:01:52]} 45. Bxd8 {[%clk 00:46:24]}
{[%emt 00:00:17]} Rxb7 {[%clk 00:27:57]} {[%emt 00:00:23]} 46. Bxf6 {[%clk
00:46:48]} {[%emt 00:00:06]} Nc4 {[%clk 00:28:16]} {[%emt 00:00:10]} 47. Re1
{[%clk 00:45:20]} {[%emt 00:01:57]} Kg8 {[%clk 00:28:08]} {[%emt 00:00:40]} 48.
Re7 {[%clk 00:45:16]} {[%emt 00:00:33]} Rxe7 {[%clk 00:27:17]} {[%emt
00:01:22]} 49. Bxe7 {[%clk 00:45:40]} {[%emt 00:00:05]} Nxa3 {[%clk 00:27:41]}
{[%emt 00:00:06]} 50. Kf3 {[%clk 00:45:51]} {[%emt 00:00:17]} Kf7 {[%clk
00:28:09]} {[%emt 00:00:04]} 51. Bc5 {[%clk 00:46:15]} {[%emt 00:00:06]} 1-0

[Event "ODJM A 2023"]
[Site "Willingen GER"]
[Date "2023.05.30"]
[Round "4"]
[White "Riechenberg, Sebastian"]
[Black "Hofmann, Benjamin"]
[Result "0-1"]
[Termination "normal"]
[Board "26"]
[WhiteElo "1655"]
[BlackElo "1700"]
[WhiteClock "00:30:08"]
[BlackClock "00:45:32"]
[PlyCount "52"]
[WhiteFideId "34605231"]
[BlackFideId "16270266"]
[EventCountry "GER"]
[EventRounds "9"]
[EventType "swiss"]
[EventDate "2023.05.27"]

1. e4 {[%clk 01:30:55]} {[%emt 00:00:04]} e5 {[%clk 01:30:58]} {[%emt
00:00:03]} 2. Nf3 {[%clk 01:31:17]} {[%emt 00:00:08]} Nc6 {[%clk 01:31:22]}
{[%emt 00:00:05]} 3. Bb5 {[%clk 01:31:41]} {[%emt 00:00:06]} a6 {[%clk
01:31:46]} {[%emt 00:00:07]} 4. Ba4 {[%clk 01:32:06]} {[%emt 00:00:05]} b5
{[%clk 01:32:12]} {[%emt 00:00:04]} 5. Bb3 {[%clk 01:32:27]} {[%emt 00:00:09]}
Nf6 {[%clk 01:32:30]} {[%emt 00:00:10]} 6. O-O {[%clk 01:29:56]} {[%emt
00:03:02]} d6 {[%clk 01:32:46]} {[%emt 00:00:14]} 7. c3 {[%clk 01:28:27]}
{[%emt 00:01:59]} Be7 {[%clk 01:29:38]} {[%emt 00:03:38]} 8. Re1 {[%clk
01:25:46]} {[%emt 00:03:11]} O-O {[%clk 01:23:38]} {[%emt 00:06:30]} 9. h3
{[%clk 01:24:45]} {[%emt 00:01:30]} Na5 {[%clk 01:16:52]} {[%emt 00:07:15]} 10.
Bc2 {[%clk 01:24:41]} {[%emt 00:00:36]} c5 {[%clk 01:12:58]} {[%emt 00:04:24]}
11. d4 {[%clk 01:25:04]} {[%emt 00:00:07]} Nc6 {[%clk 01:10:22]} {[%emt
00:03:05]} 12. d5 {[%clk 01:24:32]} {[%emt 00:01:02]} Na5 {[%clk 01:09:02]}
{[%emt 00:01:51]} 13. b3 {[%clk 01:24:36]} {[%emt 00:00:25]} Bd7 {[%clk
01:08:15]} {[%emt 00:01:17]} 14. Nbd2 {[%clk 01:19:37]} {[%emt 00:05:29]} g6
{[%clk 01:03:58]} {[%emt 00:04:46]} 15. Nf1 {[%clk 01:18:01]} {[%emt 00:02:08]}
Nh5 {[%clk 01:03:10]} {[%emt 00:01:18]} 16. Bh6 {[%clk 01:00:23]} {[%emt
00:18:08]} Re8 {[%clk 00:59:05]} {[%emt 00:04:35]} 17. N3h2 {[%clk 00:40:18]}
{[%emt 00:20:34]} Bg5 {[%clk 00:55:20]} {[%emt 00:04:12]} 18. Bxg5 {[%clk
00:36:18]} {[%emt 00:04:34]} Qxg5 {[%clk 00:55:43]} {[%emt 00:00:07]} 19. Qd2
{[%clk 00:36:10]} {[%emt 00:00:39]} Nf4 {[%clk 00:55:42]} {[%emt 00:00:30]} 20.
Ng4 {[%clk 00:32:29]} {[%emt 00:04:11]} h5 {[%clk 00:54:23]} {[%emt 00:01:49]}
21. Nge3 {[%clk 00:32:36]} {[%emt 00:00:23]} Bxh3 {[%clk 00:53:27]} {[%emt
00:01:26]} 22. g3 {[%clk 00:32:07]} {[%emt 00:00:59]} h4 {[%clk 00:44:56]}
{[%emt 00:09:00]} 23. Ng2 {[%clk 00:31:45]} {[%emt 00:00:51]} Bxg2 {[%emt
00:00:27]} 24. gxf4 {[%clk 00:32:10]} {[%emt 00:00:03]} exf4 {[%clk 00:45:15]}
{[%emt 00:00:17]} 25. Ng3 {[%clk 00:30:02]} {[%emt 00:02:38]} Bf3 {[%clk
00:45:32]} {[%emt 00:00:13]} 26. Qd3 {[%clk 00:30:08]} {[%emt 00:00:25]} Bh5
{[%clk 00:45:32]} {[%emt 00:00:29]} 0-1